Teams in the Top 5 Leagues with Least Foreign Players - Statistics

General Stats
  • This quiz has been taken 62 times
  • The average score is 8 of 24
Answer Stats
Foreigners League Answer % Correct
1 La Liga Athletic Bilbao
89%
5 La Liga Real Sociedad
68%
9 La Liga Villarreal
58%
11 La Liga Real Betis
51%
7 La Liga Celta Vigo
49%
7 La Liga Deportivo Alaves
47%
5 La Liga Osasuna
47%
10 Premier League Burnley
43%
11 Ligue 1 Nantes
40%
7 La Liga Levante
32%
9 La Liga Eibar
30%
11 La LIga Cadiz
28%
6 La Liga Real Valladolid
28%
11 Premier League Sheffield United
26%
11 Premier League Southampton
23%
11 Premier League West Bromwich Albion
23%
6 Ligue 1 Stade Brest
21%
10 Ligue 1 Lorient
19%
9 Ligue 1 Saint-Etienne
19%
9 Bundesliga Union Berlin
17%
6 La Liga Huesca
15%
11 Bundesliga Freiburg
11%
8 Ligue 1 Stade Rennais
11%
9 Serie A Benevento
6%
No matching quizzes found
Score Distribution
Percent of People with Each Score
Percentile by Number Answered
Your Score History
You have not taken this quiz